Normal view
MARC view
- MEERA T. BALAN
Entry Personal Name
001 - CONTROL NUMBER
- control field: 3459
003 - CONTROL NUMBER IDENTIFIER
- control field: OSt
005 - DATE AND TIME OF LATEST TRANSACTION
- control field: 20180929124028.0
008 - FIXED-LENGTH DATA ELEMENTS
- fixed length control field: 180929|| aca||aabn | a|a d
040 ## - CATALOGING SOURCE
- Original cataloging agency: OSt
- Transcribing agency: OSt
100 ## - HEADING--PERSONAL NAME
- Personal name: MEERA T. BALAN
670 ## - SOURCE DATA FOUND
- Source citation: Work cat.: (OSt)15160: MEERA T. BALAN, Effect of different irrigation and fertigation levels on performance of cowpea under polyhouse
